<?xml version="1.0" encoding="UTF-8"?>
<record
    xmlns:xsi="http://www.w3.org/2001/XMLSchema-instance"
    xsi:schemaLocation="http://www.loc.gov/MARC21/slim http://www.loc.gov/standards/marcxml/schema/MARC21slim.xsd"
    xmlns="http://www.loc.gov/MARC21/slim">

  <leader>00683nam a22001457a 4500</leader>
  <controlfield tag="008">150424b        xxu||||| |||| 00| 0 eng d</controlfield>
  <datafield tag="020" ind1=" " ind2=" ">
    <subfield code="a">9800776079</subfield>
  </datafield>
  <datafield tag="082" ind1=" " ind2=" ">
    <subfield code="a">708</subfield>
    <subfield code="b">A 992e</subfield>
  </datafield>
  <datafield tag="100" ind1=" " ind2=" ">
    <subfield code="a">Azcarate, Emilia (autor), Aquilina de Azcarate,Ana (curadora), Wilson, Adolfo (curador)</subfield>
    <subfield code="9">2468</subfield>
  </datafield>
  <datafield tag="245" ind1=" " ind2=" ">
    <subfield code="a">Emilia Azcarate</subfield>
    <subfield code="c">Azcarate, Emilia (autor), Aquilina de Azcarate,Ana (curadora), Wilson, Adolfo (curador)</subfield>
  </datafield>
  <datafield tag="260" ind1=" " ind2=" ">
    <subfield code="a">Valencia Espa&#xF1;a</subfield>
    <subfield code="b">Colbert Consultores de Arte </subfield>
    <subfield code="c">2001</subfield>
  </datafield>
  <datafield tag="300" ind1=" " ind2=" ">
    <subfield code="a">91 p.</subfield>
    <subfield code="b">ill. (col)</subfield>
    <subfield code="c">22 cm</subfield>
  </datafield>
  <datafield tag="650" ind1=" " ind2=" ">
    <subfield code="x">Azcarate, Emilia</subfield>
    <subfield code="x">Exhibiciones</subfield>
    <subfield code="x">Arte Moderno</subfield>
    <subfield code="x">S. 20</subfield>
    <subfield code="9">2469</subfield>
  </datafield>
  <datafield tag="700" ind1=" " ind2=" ">
    <subfield code="a">Emilia Azcarate, (autor), Ana Aquilina de Azcarate (curadora), Adolfo Wilson (curador)</subfield>
    <subfield code="9">2470</subfield>
  </datafield>
  <datafield tag="999" ind1=" " ind2=" ">
    <subfield code="c">537</subfield>
    <subfield code="d">537</subfield>
  </datafield>
  <datafield tag="952" ind1=" " ind2=" ">
    <subfield code="0">0</subfield>
    <subfield code="1">0</subfield>
    <subfield code="2">ddc</subfield>
    <subfield code="4">0</subfield>
    <subfield code="7">0</subfield>
    <subfield code="a">LV</subfield>
    <subfield code="b">LV</subfield>
    <subfield code="c">Monograf&#xED;as</subfield>
    <subfield code="d">2015-04-24</subfield>
    <subfield code="l">0</subfield>
    <subfield code="o">708 A 992e</subfield>
    <subfield code="p">000590</subfield>
    <subfield code="r">2015-04-24 00:00:00</subfield>
    <subfield code="w">2015-04-24</subfield>
    <subfield code="y">01</subfield>
  </datafield>
</record>
